| 000 | 00651nam a22001937a 4500 | ||
|---|---|---|---|
| 999 |
_c164967 _d164967 |
||
| 005 | 20190530174852.0 | ||
| 010 | _aUR-10170 | ||
| 020 |
_c300.00 _a9789388105262 |
||
| 035 | _aU-8725 | ||
| 037 | _bDBAD/PUB | ||
| 082 | _a841 | ||
| 100 | _aا صغر و يلو ر ی | ||
| 245 |
_aلفظو ں کی ز با ن _cا صغر و يلو ر ی |
||
| 246 |
_bLafzon ki Zaban (Urdu) _aby Asghar Veloori |
||
| 260 |
_a Delhi _bEducational Publishing House _c2018 ء |
||
| 270 |
_a3191،Vakil Street,Kucha Pandit,Lal Kuan, _bDelhi _e110006 _k23216162 _l00911123211540 |
||
| 300 |
_a160ص _c22 Cm(B.b) |
||
| 942 |
_2ddc _cUR _h841 _mا ص غ |
||